Regulácia - nový fenomén?
Krátka história regulácie finančných trhov. Bazilej 3 -regulácia alebo zásadná zmena prístupu?
Na minha lista:
| Autor principal: | |
|---|---|
| Formato: | Capítulo de Livro |
| Idioma: | eslovaco |
| Assuntos: | |
| Tags: |
Sem tags, seja o primeiro a adicionar uma tag!
|
MARC
| LEADER | 00000naa a2200000 4500 | ||
|---|---|---|---|
| 001 | 0161526 | ||
| 005 | 20221103130553.5 | ||
| 041 | 0 | |a slo | |
| 044 | |a SK | ||
| 245 | 1 | 0 | |a Regulácia - nový fenomén? |c Ľubor Malina |
| 520 | |a Krátka história regulácie finančných trhov. Bazilej 3 -regulácia alebo zásadná zmena prístupu? | ||
| 610 | 2 | 0 | |a regulácia finančná |
| 610 | 2 | 0 | |a regulácia trhu |
| 610 | 2 | 0 | |a trh finančný |
| 610 | 2 | 0 | |a Európska únia |
| 610 | 2 | 0 | |a história |
| 100 | 1 | |a Malina, Ľubor | |